Czy odgadniesz te postacie z Inazumy Eleven? - Statystyki

Ogólne statystyki
  • Ten quiz został rozwiązany 127 razy
  • Średni wynik to 7 z 11
Statystyki odpowiedzi
Hint Odpowiedź % Poprawnych
Kapitan Raimona w FFI (jego pierwsza obrona toBoska Ręka) Mark Evans
92%
Dziadek głównego bohatera David Evans
90%
Jest lekkoatletą i wykonywał Ognistego Koguta Nathan Swift
87%
Jako jedyny ma brata w szaliku Shawn Frost
80%
Obrońca raimona który bał się wysokości Jack Wallside
75%
Jego pierwszą taktyką hihatsu była "Trampolina" JP
55%
Pomocnik Raimona który rozpoczął rewolucje Arion Sherwind
52%
Jest jednym z głównych napastników w IE GO, jako pierwszy miał ducha walki mimo że nie jest cesarkim Ricardo Dirigo
46%
Roma? Roma
44%
Dołączył do Raimona w Chrono stone Fei Rune
43%
Jest pierwszym bramkarzem pokazanym w GO Samguk Han
31%
Nie znaleziono quizów pasujących do podanych kryteriów
Rozkład punktacji
Procent ludzi z każdym wynikiem
Percentyl według liczby udzielonych odpowiedzi
Twoja historia wyników
Nie rozwiązałeś tego quizu